00253nam a2200109Ia 4500008004100000100001600041245002900057250000900086260003200095300000800127650000800135191201s2008 xx 000 0 und d aPRASAD, L M 0aOrganisational Behaviour aRep- c2008bSultan ChandaN.Delhi a709 aMBA